000
00295nam a22001337a 4500
008
180116b xxu||||| |||| 00| 0 eng d
020
_a
333031695
041
_a
eng
080
_a
101
100
_a
24
101
_a
FIL
245
_a
Philosophers in Perspective
_c
Mabbott, J.D
942
_2
udc
_c
BK
999
_c
40342
_d
40342